Etnograficzno-statystyczny zarys liczebności i rozsiedlenia ludności polskiej / (Rekord nr 27776)
| 000 -Nagłówek | |
|---|---|
| fixed length control field | 01334cam a2200337 i 4500 |
| 001 - Nr kontrolny bibl., która utworzyła rek. | |
| control field | zz2007981923 |
| 003 - Siglum bibl., której nr kontr. jest w 001 | |
| control field | NUKAT |
| 005 - Data i czas ostatniej operacji | |
| control field | 20260425222235.0 |
| 008 - Elementy pola stałej długości | |
| fixed length control field | 070131s1909 pl a |000 0 pol c |
| 035 ## - Systemowy numer kontrolny | |
| systemowy numer kontrolny | (OCoLC)749574205 |
| 035 ## - Systemowy numer kontrolny | |
| systemowy numer kontrolny | (NUKAT)zz2007981923 |
| 040 ## - Instytucja sporządzająca opis | |
| Instytucja, która sporządziła opis | WA U/76MP |
| Instytucja, która sporządziła rekord | WA U/MP |
| Instytucja, która zmodyfikowała rekord | WA U/76DP |
| -- | KR 295/MAGs |
| 100 1# - Hasło główne-nazwa osobowa | |
| Nazwa osobowa | Merczyng, Henryk |
| Daty biograficzne | (1860-1916). |
| 9 (RLIN) | 40547 |
| 245 10 - Tytuł właściwy i oznaczenie odpow. | |
| tytuł | Etnograficzno-statystyczny zarys liczebności i rozsiedlenia ludności polskiej / |
| dod. inf. ze s. tyt./ozn. odpow. | oprac. Edward Czyński ; przy współpracy T. Tillingera. |
| 250 ## - Oznaczenie wydania | |
| oznaczenie wydania | Wyd. 2., uzup. i rozszerz. |
| 260 ## - Adres wydawniczy | |
| miejsce wydania, dystrybucji itp. | Warszawa : |
| nazwa wydawcy, dystrybutora itp. | [s.n.], |
| data wydania, dystrybucji itp. | 1909 |
| miejsce druku | (Warszawa : |
| nazwa drukarni | Piotr Laskauer). |
| 300 ## - Opis fizyczny | |
| objętość i/lub forma materiału | 115 s., [6] s. map złoż. ; |
| format | 28 cm. |
| 336 ## - Content Type | |
| Term | Tekst |
| Code | txt |
| Source | rdacontent |
| 337 ## - Media Type | |
| Term | Bez urządzenia pośredniczącego |
| Code | n |
| Source | rdamedia |
| 338 ## - Carrier Type | |
| Term | Wolumin |
| Code | nc |
| Source | rdacarrier |
| 500 ## - Uwaga ogólna | |
| uwaga ogólna | Na s. tyt. pseud. aut.: Edward Czyński, nazwa aut.: Henryk Merczyng. |
| 650 #7 - Hasło przedmiotowe-nazwa pospolita | |
| nazwa pospolita lub geogr. | Demografia |
| źródło hasła | DBN |
| 9 (RLIN) | 40242 |
| 650 #7 - Hasło przedmiotowe-nazwa pospolita | |
| nazwa pospolita lub geogr. | Etnografia |
| źródło hasła | DBN |
| 9 (RLIN) | 35028 |
| 650 #7 - Hasło przedmiotowe-nazwa pospolita | |
| nazwa pospolita lub geogr. | Geografia ludności |
| źródło hasła | DBN |
| 9 (RLIN) | 40548 |
| 650 #7 - Hasło przedmiotowe-nazwa pospolita | |
| nazwa pospolita lub geogr. | Geografia osadnictwa |
| źródło hasła | DBN |
| 9 (RLIN) | 40549 |
| 650 #7 - Hasło przedmiotowe-nazwa pospolita | |
| nazwa pospolita lub geogr. | Geografia społeczna |
| źródło hasła | DBN |
| 9 (RLIN) | 40550 |
| 650 #7 - Hasło przedmiotowe-nazwa pospolita | |
| nazwa pospolita lub geogr. | Statystyka |
| źródło hasła | DBN |
| 9 (RLIN) | 40551 |
| 651 #7 - Hasło przedmiotowe-nazwa geogr. | |
| nazwa geograficzna | Polska |
| określnik rzeczowy | ludność |
| określnik chronologiczny | 1870-1914 |
| określnik formy | statystyki. |
| źródło hasła | kaba |
| 9 (RLIN) | 40552 |
| 700 1# - Hasło dodatkowe - nazwa osobowa | |
| nazwa osobowa | Tillinger, Tadeusz |
| daty biograficzne | (1879-1955). |
| 9 (RLIN) | 40553 |
| 942 ## - ADDED ENTRY ELEMENTS (KOHA) | |
| Source of classification or shelving scheme | Dewey Decimal Classification |
| Koha item type | pozycje dostępne na miejscu |
| Status wycofania | Status zagubienia | Klasyfikacja | Status uszkodzenia | Blokada wypożyczeń | Kolekcja | Lokalizacja macierzysta | Lokalizacja bieżąca | Data nabycia | Numer akcesji | Źródło akcesji | Nr inwentarzowy | il. wypożyczeń | Sygnatura | Kod kreskowy | Date last seen | Price effective from | Typ egz. |
|---|---|---|---|---|---|---|---|---|---|---|---|---|---|---|---|---|---|
| Dewey Decimal Classification | nieuszkodzona | Pracownia Badań Księgozbiorów Historycznych | Biblioteka Instytutu Północnego w Olsztynie | Pracownia Badań Księgozbiorów Historycznych | 25/04/2026 | W-38/1964 | wymiana | 16061 | 16061 | IPWK23818 | 25/04/2026 | 25/04/2026 | pozycje dostępne na miejscu |